384p. (Record no. 1435045)

MARC details
000 -LEADER
fixed length control field 00658nam a22002297a 4500
005 - DATE AND TIME OF LATEST TRANSACTION
control field 20250902113634.0
008 - FIXED-LENGTH DATA ELEMENTS--GENERAL INFORMATION
fixed length control field 250902b |||||||| |||| 00| 0 eng d
020 ## - INTERNATIONAL STANDARD BOOK NUMBER
International Standard Book Number 978-93-6013-547-8 (hbk)
037 ## - SOURCE OF ACQUISITION
Terms of availability TB
040 ## - CATALOGING SOURCE
Original cataloging agency CRL
Transcribing agency CRL
041 ## - LANGUAGE CODE
Source of code URD
Language code of text/sound track or separate title URD
084 ## - COLON CLASSIFICATION NUMBER
Classification number O168,3:g R4
Item number CRL
100 ## - MAIN ENTRY--PERSONAL NAME
Personal name Sahil, M. Sharfuddin
9 (RLIN) 216632
245 ## - TITLE STATEMENT
Title 384p.
260 ## - PUBLICATION, DISTRIBUTION, ETC.
Place of publication, distribution, etc. Jabalpur, India:
Name of publisher, distributor, etc. Kamaal publications,
Date of publication, distribution, etc. 2024.
300 ## - PHYSICAL DESCRIPTION
Extent 384p.
365 ## - TRADE PRICE
Price amount 400.00
Currency code INR
650 ## - SUBJECT ADDED ENTRY--TOPICAL TERM
Topical term or geographic name entry element Urdu Literature
650 ## - SUBJECT ADDED ENTRY--TOPICAL TERM
Topical term or geographic name entry element Urdu Fiction
9 (RLIN) 3298
942 ## - ADDED ENTRY ELEMENTS (KOHA)
Source of classification or shelving scheme Colon Classification (CC)
Koha item type Textbook
Classification part O168,3:g R4
Suppress in OPAC No

No items available.

Copyright @ Delhi University Library System